000 00743nam a2200277 a 4500
003 AR-BaBNM
005 20251128204636.0
008 082120s2002 ||||||||||||||000 | spa||
020 _a950-9831-47-6
040 _cAR-BaBNM
100 1 _aPedrazzini, María Rosa
245 0 0 _aLa voz de la imagen
260 _aBuenos Aires
_bMétodos
_c1992
300 _a86 p.
_bil., diagr.
650 4 _aENSEÑANZA DE LA EXPRESION ORAL
650 4 _aENSEÑANZA DE LA ESCRITURA
650 4 _aDESARROLLO DE LA CREATIVIDAD
650 4 _aILUSTRACIONES
650 4 _aCREATIVIDAD
650 4 _aENSEÑANZA EN GRUPO
650 4 _aEDUCACION DE ADULTOS
653 _aTALLER LITERARIO
653 _aEDUCACION PRIMARIA
942 _cBK
998 _cSILVI
999 _c8200
_d8200